000 003190000a22001330004500
003 MACL
040 _aMACL
090 _c9032
_d9031
100 _aShastri, J L
245 _aAncient Indian Tradition & Mythology
_bvol 13 Part 2
260 _bMotilal Banarsidass Publishers
_c1991
650 _aReligion
942 _cBOOK
_k294
999 _c8977
_d8977